La Universidad de Alcalá de Henares en el siglo XVII, según los datos de sus visitas y reformas / (Record no. 176770)

MARC details
000 -LEADER
campo de control de longitud fija 00770nam a22002175i 4500
001 - NÚMERO DE CONTROL
campo de control 176770
003 - IDENTIFICADOR DE NÚMERO DE CONTROL
campo de control ES-MaACL
005 - FECHA Y HORA DE LA ÚLTIMA TRANSACCIÓN
campo de control 20230906220158.0
008 - DATOS DE LONGITUD FIJA--INFORMACIÓN GENERAL
campo de control de longitud fija 110208s2003 sp |||| | spa d
020 ## - NÚMERO INTERNACIONAL ESTÁNDAR DEL LIBRO
Número Internacional Estándar del Libro 84-95011-56-5
080 ## - NÚMERO DE LA CLASIFICACIÓN DECIMAL UNIVERSAL
Número de la Clasificación Decimal Universal 378.4(460.27 Alcalá)"16"
100 1# - ENTRADA PRINCIPAL--NOMBRE DE PERSONA
Nombre de persona Gil García, Ángel.
9 (RLIN) 145102
245 13 - MENCIÓN DEL TÍTULO
Título La Universidad de Alcalá de Henares en el siglo XVII, según los datos de sus visitas y reformas /
Mención de responsabilidad, etc. Ángel Gil García.
260 ## - PUBLICACIÓN, DISTRIBUCIÓN, ETC.
Lugar de publicación, distribución, etc. Alcalá de Henares :
Nombre del editor, distribuidor, etc. Fundación Colegio del Rey,
Fecha de publicación, distribución, etc. D. L. 2003.
300 ## - DESCRIPCIÓN FÍSICA
Extensión XX, 725 p. ;
Dimensiones 21 cm.
490 1# - MENCIÓN DE SERIE
Mención de serie Alcalá ensayo ;
Designación de volumen o secuencia 20
610 24 - PUNTO DE ACCESO ADICIONAL DE MATERIA--NOMBRE DE ENTIDAD CORPORATIVA
Nombre de entidad corporativa o nombre de jurisdicción como elemento de entrada Universidad de Alcalá de Henares-
Subdivisión cronológica S.XVII.
9 (RLIN) 145103
830 0# - PUNTO DE ACCESO ADICIONAL DE SERIE-TÍTULO UNIFORME
Título uniforme Alcalá ensayo ;
Designación de volumen o secuencia 20
9 (RLIN) 185763
852 ## - LOCALIZACIÓN
Ubicación ES-MaACL
Número de control de estantería E-14245
Holdings
Estatus retirado Estado de pérdida Estado de daño No para préstamo Biblioteca de origen Biblioteca actual Ubicación en estantería Fecha de adquisición Fuente de adquisición Total de préstamos Signatura topográfica completa Código de barras Visto por última vez Precio de reemplazo Tipo de ítem Koha
        Biblioteca del Ateneo de Madrid Biblioteca del Ateneo de Madrid Depósito 2 08/02/2011     E-14245 1185662 23/02/2023 23/02/2023 Libro impreso